000 00701nam a2200229Ia 4500
001 8502
003 GE_BSU
008 181216s||||||||xx |||||||||||||| ||und||
040 _cGE_BSU
080 _a821.353.1-1
100 _aვარშანიძე,მამია.
245 _aიმღერე გულო.
245 _bლექსები.
245 _cრედ:ა.ახვლედიანი;მხატვ:გ.ხოჯაშვილი.
260 _aბათუმი.
260 _bსაბჭ.აჭარა.
260 _c1972.
300 _a110გვ;16სმ.
653 _aიმღერე გულო.
653 _aლექსები.
942 _cBK
999 _c41819
_d41819